MARC

LEADER 00000nam0a2200000 4500
001 61068
005 20231031062330.0
035 |a (RuTPU)RU\TPU\book\64598 
090 |a 61068 
100 |a 20040302d1953 k y0rusy50 ca 
101 0 |a rus 
102 |a RU 
105 |a a z 001zy 
200 1 |a Синтетические смолы для лаков  |f А. И. Лазарев, М. Ф. Сорокин 
210 |a Москва  |c Госхимиздат  |d 1953 
215 |a 400 с.  |c ил. 
320 |a Библиография в конце глав. 
610 1 |a смолы 
610 1 |a лакокрасочные материалы 
610 1 |a схемы 
610 1 |a производство 
610 1 |a применение 
610 1 |a технологии 
675 |a 679  |v 3 
700 1 |a Лазарев  |b А. И. 
701 1 |a Сорокин  |b М. Ф. 
801 1 |a RU  |b 63413507  |c 20040302  |g PSBO 
801 2 |a RU  |b 63413507  |c 20210607  |g PSBO 
942 |c BK